01191nam a2200205 a 450000100100000000500170001000800410002704000250006808200180009324500770011126000670018830000380025549000200029349000170031350000290033050000730035950504840043265100370091683000320095300002231020200930011659.0100927s1944 dr r 000 0 fre d aDO-SdBNPbspacBNPHU a972.93bD637e00aDocumentos y estudios históricos /cedición del gobierno dominicano. aCiudad Trujillo, República Dominicana :bLa Nación,c1944. a4 v. en 5 :bil., maps. ;c23 cm.1 aTrujillov13-161 aSerie 3v1-4 aLa biblioteca posee v. 2 aIncluye referencias bibliográficas y notas al pie de las páginas0 gv.1.tRecopilación diplomática relativa a las colonias española y francesa de la isla de Santo Domingo, 1640-1701--gv.2.tCorrespondencia de Levasseur y de otros agentes de Francia, relativa a la proclamación de la República Dominicana, 1843-1844.--gv.3.tReconstrucción financiera de la República Dominicana. t. 1. Antecedentes (1903-1930). t. 2. La solución (1930-1940) --gv.4.tHistoria de la división territorial, 1494-1943, por Vincente Tolentino Rojas. 4aRepública DominicanaxHistoria 0aTrujillov13-16pSerien1-4